[Event "Western Canadian op"]
[Site "Richmond CAN"]
[Date "2004.07.11"]
[Round "3.8"]
[White "Lane, Travis"]
[Black "Yoos, John"]
[Result "1-0"]
[WhiteElo "1895"]
[BlackElo "2449"]
[PlyCount "77"]
[GameId "2160767911095510"]
[EventDate "2004.07.09"]
[EventType "swiss"]
[EventRounds "10"]
[EventCountry "CAN"]

1. e4 c5 2. Nf3 d6 3. d4 Nf6 4. Nc3 cxd4 5. Nxd4 Nc6 6. Bc4 Bd7 7. O-O e6 8. Bg5 a6 9. Re1 Qa5 10. Bxf6 gxf6 11. Nxc6 bxc6 12. Qf3 Be7 13. Rad1 Rg8 14. Re3 Qg5 15. Bf1 Kf8 16. Na4 Rb8 17. Rb3 Rxb3 18. Qxb3 c5 19. c4 f5 20. Nxc5 Bc6 21. Qb6 Bxe4 22. Nxe4 fxe4 23. b4 Qf4 24. Qd4 f5 25. b5 e5 26. Qb6 a5 27. Qxa5 e3 28. Qe1 Qf3 29. fxe3 Bg5 30. Rxd6 Bxe3+ 31. Kh1 Ke7 32. Rd5 Ke6 33. Qa1 Qe4 34. Qb2 f4 35. Bd3 Bc1 36. Qf2 Qe3 37. Qxe3 Bxe3 38. b6 Ra8 39. b7 1-0

[Event "Western Canadian op"]
[Site "Richmond CAN"]
[Date "2004.07.11"]
[Round "3.9"]
[White "Chan, James"]
[Black "Harper, Bruce"]
[Result "0-1"]
[WhiteElo "1944"]
[BlackElo "2326"]
[PlyCount "86"]
[GameId "2160767911095511"]
[EventDate "2004.07.09"]
[EventType "swiss"]
[EventRounds "10"]
[EventCountry "CAN"]

1. d4 g6 2. c4 d6 3. Nc3 Bg7 4. e4 Nd7 5. f3 e5 6. d5 f5 7. Be3 Bh6 8. Qd2 Bxe3 9. Qxe3 Qh4+ 10. g3 Qh6 11. Qxh6 Nxh6 12. Nb5 Kd8 13. Nh3 Nf7 14. Nf2 a6 15. Nc3 Nf6 16. O-O-O Rf8 17. Nd3 fxe4 18. fxe4 Bg4 19. Re1 Ke7 20. Bg2 Ng5 21. Re3 Bh3 22. Bxh3 Nxh3 23. Re2 Ng4 24. Nd1 Rf3 25. Ne1 Rf7 26. Nd3 Raf8 27. Kd2 Rf3 28. Ne3 Ngf2 29. Nxf2 Nxf2 30. Rf1 Nxe4+ 31. Ke1 Rxf1+ 32. Nxf1 Nc5 33. Re3 a5 34. b3 c6 35. Ke2 Rc8 36. Nd2 cxd5 37. cxd5 b5 38. a4 bxa4 39. bxa4 Nxa4 40. Ra3 Nc3+ 41. Kd3 Nxd5 42. Rxa5 Rc3+ 43. Ke2 Nf6 0-1

[Event "Western Canadian op"]
[Site "Richmond CAN"]
[Date "2004.07.11"]
[Round "3.10"]
[White "Yousefzadeh, Mehrdad"]
[Black "Lee, Vicente jr."]
[Result "0-1"]
[WhiteElo "2024"]
[BlackElo "2326"]
[PlyCount "102"]
[GameId "2160767911095512"]
[EventDate "2004.07.09"]
[EventType "swiss"]
[EventRounds "10"]
[EventCountry "CAN"]

1. d4 d5 2. c4 e6 3. Nc3 Nf6 4. Bg5 c6 5. e3 Be7 6. Nf3 Nbd7 7. Rc1 h6 8. Bh4 Ne4 9. Bxe7 Qxe7 10. Bd3 f5 11. O-O O-O 12. Ne5 Nxe5 13. dxe5 Bd7 14. f4 Be8 15. Nxe4 dxe4 16. Be2 Rd8 17. Qb3 c5 18. Rcd1 Bc6 19. Rxd8 Rxd8 20. Rd1 g5 21. g3 gxf4 22. gxf4 Rf8 23. Qc3 Kh7 24. Qe1 Rg8+ 25. Kh1 Be8 26. Qf2 Bf7 27. Rg1 Rd8 28. Rd1 Rd7 29. Qe1 Be8 30. Rxd7 Qxd7 31. Qd1 Qe7 32. Qe1 Qd8 33. Kg2 a6 34. Kh1 b5 35. Kg2 Kg7 36. Qd1 Qe7 37. Qf1 Qb7 38. Qc1 Qb6 39. Qd2 Kf8 40. Kh3 Kg7 41. Kh4 Qc7 42. Kh3 Kh7 43. Kg2 Qe7 44. Qe1 bxc4 45. Bxc4 Bb5 46. Qe2 Qd7 47. Kg3 Bxc4 48. Qxc4 Qd1 49. h3 Qg1+ 50. Kh4 Qf2+ 51. Kh5 Qxe3 0-1

[Event "Western Canadian op"]
[Site "Richmond CAN"]
[Date "2004.07.11"]
[Round "3.11"]
[White "Metz, Hartmut"]
[Black "Sladek, Vaclav"]
[Result "1-0"]
[WhiteElo "2290"]
[BlackElo "2009"]
[PlyCount "85"]
[GameId "2160767911095513"]
[EventDate "2004.07.09"]
[EventType "swiss"]
[EventRounds "10"]
[EventCountry "CAN"]

1. e4 c5 2. Nf3 e6 3. d4 cxd4 4. Nxd4 Qb6 5. Nb3 Qc7 6. Nc3 a6 7. g3 b5 8. Bf4 d6 9. Bg2 Bb7 10. O-O Nd7 11. a4 b4 12. Na2 a5 13. c3 e5 14. Bd2 Ngf6 15. cxb4 axb4 16. Nxb4 Be7 17. Qe2 O-O 18. Rfc1 Nc5 19. Nxc5 dxc5 20. Nd5 Nxd5 21. exd5 Qd6 22. Bc3 f6 23. Rd1 Ba6 24. Qc2 Rab8 25. Be4 h6 26. Bf5 Kh8 27. a5 Qc7 28. Qa4 c4 29. Qc6 Qd6 30. Qa4 Rfd8 31. Qc2 Qc5 32. Qe4 Bb7 33. Qg4 Bxd5 34. Rd2 Bg8 35. Rad1 Rxd2 36. Rxd2 Rd8 37. Qd1 Rxd2 38. Qxd2 Qd6 39. Be4 Qc7 40. Bb4 Bd8 41. a6 Be7 42. Bxe7 Qxe7 43. Qe3 1-0

[Event "Western Canadian op"]
[Site "Richmond CAN"]
[Date "2004.07.11"]
[Round "3.12"]
[White "McLaren, Brian"]
[Black "Pitre, Hanniegn"]
[Result "1-0"]
[WhiteElo "2270"]
[BlackElo "1979"]
[PlyCount "71"]
[GameId "2160767911095514"]
[EventDate "2004.07.09"]
[EventType "swiss"]
[EventRounds "10"]
[EventCountry "CAN"]

1. e4 d5 2. exd5 Nf6 3. Nc3 Nxd5 4. Qf3 c6 5. Bc4 Be6 6. Nge2 b5 7. Bb3 Na6 8. Nd4 Nab4 9. a3 Nxc3 10. Nxe6 fxe6 11. Qxc3 Nd5 12. Qxc6+ Kf7 13. Qxb5 Rb8 14. Qe2 Qd6 15. d4 g6 16. Qe5 Qxe5+ 17. dxe5 Bg7 18. f4 Rhf8 19. O-O Kg8 20. h4 h5 21. g3 Rb6 22. Bd2 Rfb8 23. Rad1 Rxb3 24. cxb3 Rxb3 25. Bc3 Nxc3 26. Rd8+ Kf7 27. bxc3 Rxc3 28. Kg2 Rxa3 29. Rfd1 Bh6 30. R1d3 Ra1 31. Ra8 Ra2+ 32. Kf3 Ra4 33. Rd7 Ra3+ 34. Kg2 Ra2+ 35. Kh3 a5 36. Rda7 1-0

[Event "Western Canadian op"]
[Site "Richmond CAN"]
[Date "2004.07.11"]
[Round "3.13"]
[White "Oszvald, Joseph"]
[Black "Kazmaier, Daniel"]
[Result "1-0"]
[WhiteElo "2181"]
[BlackElo "1974"]
[PlyCount "67"]
[GameId "2160767911095515"]
[EventDate "2004.07.09"]
[EventType "swiss"]
[EventRounds "10"]
[EventCountry "CAN"]

1. c4 f5 2. d4 Nf6 3. Nc3 g6 4. Bg5 Bg7 5. h4 d6 6. Qd2 Nbd7 7. Bh6 Bxh6 8. Qxh6 e5 9. d5 Qe7 10. f3 f4 11. Nh3 Ng8 12. Qg5 Ndf6 13. g3 Bf5 14. gxf4 h6 15. Qg1 Nh5 16. e4 exf4 17. O-O-O Ng3 18. exf5 Nxh1 19. Bd3 O-O-O 20. Nxf4 Qf7 21. Nxg6 Rh7 22. Qxh1 Ne7 23. Qh3 Kb8 24. Re1 Nxg6 25. fxg6 Qf4+ 26. Kc2 Rhh8 27. Re4 Qf6 28. Re6 Qg7 29. f4 Rhf8 30. f5 Qd4 31. Ne2 Qc5 32. Qe3 Qb4 33. Nc3 b5 34. a3 1-0

[Event "Western Canadian op"]
[Site "Richmond CAN"]
[Date "2004.07.11"]
[Round "3.14"]
[White "Steininger, Gavin"]
[Black "Davies, Lucas"]
[Result "1/2-1/2"]
[WhiteElo "1955"]
[BlackElo "2130"]
[PlyCount "51"]
[GameId "2160767911095516"]
[EventDate "2004.07.09"]
[EventType "swiss"]
[EventRounds "10"]
[EventCountry "CAN"]

1. e4 c6 2. d4 d5 3. Nc3 dxe4 4. Nxe4 Nd7 5. Ng5 Ngf6 6. Bd3 e6 7. N1f3 Bd6 8. Qe2 h6 9. Ne4 Nxe4 10. Qxe4 Nf6 11. Qh4 Qa5+ 12. c3 Qh5 13. Qxh5 Nxh5 14. Ne5 Nf6 15. O-O O-O 16. Bd2 Rd8 17. f4 c5 18. Be3 Nd5 19. Rae1 Nxe3 20. Rxe3 cxd4 21. cxd4 Be7 22. Rd1 Bd7 23. Bc4 Be8 24. Red3 Kf8 25. d5 exd5 26. Rxd5 1/2-1/2

[Event "Western Canadian op"]
[Site "Richmond CAN"]
[Date "2004.07.11"]
[Round "3.15"]
[White "MacLeod, Steven"]
[Black "Milicevic, Dragoljub"]
[Result "0-1"]
[WhiteElo "1954"]
[BlackElo "2182"]
[PlyCount "88"]
[GameId "2160767911095517"]
[EventDate "2004.07.09"]
[EventType "swiss"]
[EventRounds "10"]
[EventCountry "CAN"]

1. e4 g6 2. d4 Bg7 3. Nc3 d6 4. Be3 a6 5. Qd2 Nd7 6. f3 h5 7. Nh3 b5 8. a4 b4 9. Nd1 Rb8 10. c3 c5 11. Ng5 e6 12. dxc5 bxc3 13. Nxc3 Qa5 14. Bd4 Rxb2 15. Bxg7 Rxd2 16. Kxd2 Nxc5 17. Kc2 Bd7 18. Be2 Nxa4 19. Bxh8 f6 20. Ra3 Qxg5 21. Nxa4 Qxg2 22. Re1 Qf2 23. Kd2 Qd4+ 24. Bd3 Bxa4 25. Rc3 Ne7 26. Rc4 Qb2+ 27. Bc2 Bb5 28. Rc7 Qd4+ 29. Kc1 Kd8 30. Rb7 Qe5 31. Rd1 Qxh2 32. Bg7 Qf4+ 33. Kb1 h4 34. Bf8 Nc8 35. Rh7 g5 36. Bb3 Qxf3 37. Bc2 Qf4 38. Kb2 Bc6 39. Kb1 Bxe4 40. Rf7 Ke8 41. Rc7 Kxf8 42. Rxc8+ Kf7 43. Bxe4 Qxe4+ 44. Kc1 d5 0-1

[Event "Western Canadian op"]
[Site "Richmond CAN"]
[Date "2004.07.11"]
[Round "3.16"]
[White "Tegzes, Laszlo"]
[Black "Reid, Richard"]
[Result "1/2-1/2"]
[WhiteElo "2118"]
[BlackElo "1767"]
[PlyCount "61"]
[GameId "2160767911095518"]
[EventDate "2004.07.09"]
[EventType "swiss"]
[EventRounds "10"]
[EventCountry "CAN"]

1. e4 c6 2. d4 d5 3. exd5 cxd5 4. Bd3 Nc6 5. c3 Nf6 6. h3 e5 7. dxe5 Nxe5 8. Bb5+ Bd7 9. Bxd7+ Qxd7 10. Nf3 Bd6 11. O-O O-O 12. Nxe5 Bxe5 13. Nd2 h6 14. Nf3 Bc7 15. Be3 Qd6 16. Bd4 Rfe8 17. Bxf6 gxf6 18. Re1 Re6 19. Qd2 Kg7 20. g3 Rae8 21. Nd4 Rxe1+ 22. Rxe1 Re5 23. Re3 Bb6 24. Rf3 Bxd4 25. Qxd4 Qa6 26. Re3 Rxe3 27. fxe3 Qxa2 28. Qg4+ Kh7 29. Qf5+ Kg7 30. Qg4+ Kh7 31. Qf5+ 1/2-1/2

[Event "Western Canadian op"]
[Site "Richmond CAN"]
[Date "2004.07.11"]
[Round "3.17"]
[White "Long, Hugh"]
[Black "North, Robert"]
[Result "0-1"]
[WhiteElo "1752"]
[BlackElo "2115"]
[PlyCount "136"]
[GameId "2160767911095519"]
[EventDate "2004.07.09"]
[EventType "swiss"]
[EventRounds "10"]
[EventCountry "CAN"]

1. c4 c5 2. g3 g6 3. Nc3 Bg7 4. Bg2 Nc6 5. e3 e5 6. Nge2 Nge7 7. O-O O-O 8. b3 Rb8 9. Bb2 a6 10. Nd5 b5 11. d3 d6 12. Nxe7+ Nxe7 13. Qc2 Qb6 14. Rad1 Be6 15. Ba1 d5 16. cxd5 Nxd5 17. a3 Rbc8 18. Qb2 Rfd8 19. Kh1 Rc7 20. e4 Ne7 21. f4 f6 22. fxe5 fxe5 23. Nf4 Bg4 24. Rd2 Rf8 25. Rdf2 Rf7 26. Nh3 Nc6 27. Rxf7 Rxf7 28. Rxf7 Kxf7 29. Ng5+ Kg8 30. Qf2 Qa7 31. h3 h6 32. Nf3 Be6 33. Qc2 Qb6 34. Bb2 Kf8 35. Bc1 Ke7 36. Be3 Nd4 37. Nxd4 exd4 38. Bf2 Qd6 39. b4 cxb4 40. axb4 Be5 41. Qb2 a5 42. bxa5 b4 43. a6 b3 44. Qa1 Qb6 45. a7 b2 46. a8=Q b1=Q+ 47. Qxb1 Qxb1+ 48. Kh2 Qxd3 49. Qb7+ Bd7 50. Qd5 Qb5 51. Qxb5 Bxb5 52. Be1 h5 53. h4 d3 54. Bd2 Kd6 55. Bf3 Kc5 56. Kg2 Bd7 57. Kf2 Kc4 58. Bd1 Bd4+ 59. Be3 d2 60. Be2+ Kc3 61. Bd1 Bxe3+ 62. Kxe3 Bg4 63. Ba4 d1=Q 64. Bxd1 Bxd1 65. e5 Bg4 66. Kf4 Kd4 67. Kg5 Kxe5 68. Kxg6 Ke4 0-1

[Event "Western Canadian op"]
[Site "Richmond CAN"]
[Date "2004.07.11"]
[Round "3.18"]
[White "Obers, Frits"]
[Black "Strazhnik, Mikhail"]
[Result "1/2-1/2"]
[WhiteElo "2096"]
[BlackElo "1749"]
[PlyCount "64"]
[GameId "2160767911095520"]
[EventDate "2004.07.09"]
[EventType "swiss"]
[EventRounds "10"]
[EventCountry "CAN"]

1. d4 d5 2. c4 c6 3. Nc3 Nf6 4. e3 e6 5. Nf3 Bb4 6. a3 Bxc3+ 7. bxc3 Nbd7 8. Bd3 dxc4 9. Bxc4 b5 10. Bd3 Bb7 11. O-O O-O 12. e4 c5 13. e5 Ne4 14. Qe1 f5 15. Bxb5 Rf7 16. Bc4 Nf8 17. Bb2 Rc8 18. Qe2 Qa5 19. Rfc1 Rfc7 20. Bd3 Ng6 21. Bxe4 fxe4 22. Ng5 Nf4 23. Qg4 cxd4 24. Qxf4 dxc3 25. Bxc3 Rxc3 26. Rd1 Bd5 27. Qf7+ Kh8 28. Qh5 h6 29. Nf7+ Kh7 30. Ng5+ Kh8 31. Nf7+ Kh7 32. Ng5+ Kh8 1/2-1/2

[Event "Western Canadian op"]
[Site "Richmond CAN"]
[Date "2004.07.11"]
[Round "3.19"]
[White "Aird, Ian"]
[Black "Jiang, Louie"]
[Result "1-0"]
[WhiteElo "2051"]
[BlackElo "1737"]
[PlyCount "99"]
[GameId "2160767911095521"]
[EventDate "2004.07.09"]
[EventType "swiss"]
[EventRounds "10"]
[EventCountry "CAN"]

1. e4 c5 2. Nf3 d6 3. d4 cxd4 4. Qxd4 e5 5. Bb5+ Bd7 6. Qd3 Nf6 7. Nc3 a6 8. Bc4 b5 9. Bb3 Bc6 10. Ng5 Ra7 11. Be3 Rb7 12. f4 Ng4 13. O-O Nxe3 14. Qxe3 exf4 15. Qxf4 f6 16. Ne6 Qb6+ 17. Kh1 a5 18. Rad1 a4 19. Bd5 Rd7 20. Qf5 b4 21. Bxc6 Qxc6 22. Nd5 Qb7 23. Qh5+ g6 24. Nxf6+ Ke7 25. Nd5+ Ke8 26. Qg4 Rf7 27. Ng5 Rxf1+ 28. Rxf1 Be7 29. Nxe7 Qa6 30. Qc8+ Qxc8 31. Nxc8 Kd7 32. Nb6+ Kc6 33. Nxa4 Nd7 34. c3 Kb5 35. b3 Ne5 36. Ne6 Rc8 37. Nd4+ Ka5 38. Rc1 bxc3 39. Rxc3 Rf8 40. Kg1 Rf4 41. Nc6+ Nxc6 42. Rxc6 Rxe4 43. Rxd6 Re2 44. Nc3 Rc2 45. Nd5 Kb5 46. Rb6+ Kc5 47. Rc6+ Kxc6 48. Nb4+ Kc5 49. Nxc2 Kb5 50. Kf2 1-0

[Event "Western Canadian op"]
[Site "Richmond CAN"]
[Date "2004.07.11"]
[Round "3.20"]
[White "Krzyzowski, Ernest"]
[Black "Salcedo, Daniel"]
[Result "0-1"]
[WhiteElo "1741"]
[BlackElo "2038"]
[PlyCount "64"]
[GameId "2160767911095522"]
[EventDate "2004.07.09"]
[EventType "swiss"]
[EventRounds "10"]
[EventCountry "CAN"]

1. c4 Nf6 2. Nc3 d5 3. e3 c5 4. cxd5 Nxd5 5. Bc4 Nb6 6. Bb3 Nc6 7. d3 e5 8. Nge2 Be7 9. Ng3 Nb4 10. Ke2 O-O 11. a3 Nc6 12. Qd2 Kh8 13. Rd1 f5 14. Qc2 a6 15. Kf1 Bd6 16. Kg1 Qh4 17. Nd5 Nxd5 18. Bxd5 Bd7 19. Bxc6 Bxc6 20. e4 f4 21. Nf1 Rf6 22. f3 Bb8 23. Qf2 Qh5 24. Qe2 Ba7 25. Kh1 Rd8 26. b4 Rfd6 27. Bb2 cxb4 28. axb4 Bb5 29. Ra3 Bd4 30. Bxd4 Rxd4 31. Qc2 Qf7 32. Rb3 Ba4 0-1

[Event "Western Canadian op"]
[Site "Richmond CAN"]
[Date "2004.07.11"]
[Round "3.21"]
[White "Wang, Yamei"]
[Black "Escandor, Manuel Omana"]
[Result "1-0"]
[WhiteElo "2000"]
[BlackElo "1736"]
[PlyCount "89"]
[GameId "2160767911095523"]
[EventDate "2004.07.09"]
[EventType "swiss"]
[EventRounds "10"]
[EventCountry "CAN"]

1. e4 e5 2. Nf3 Nc6 3. Bc4 Be7 4. c3 Nf6 5. d3 h6 6. O-O O-O 7. Re1 d6 8. Nbd2 Na5 9. Bb3 Nxb3 10. Qxb3 a6 11. d4 Nd7 12. Nc4 b5 13. Ne3 c6 14. Nf5 exd4 15. N3xd4 Ne5 16. f4 Bxf5 17. Nxf5 Nc4 18. Be3 Re8 19. Rad1 Bf8 20. Bf2 Qd7 21. Qc2 Qe6 22. b3 Na3 23. Qd3 Rad8 24. Bb6 Rd7 25. Bc5 d5 26. Bxf8 Kxf8 27. Qd4 Qf6 28. Qc5+ Kg8 29. Qxa3 Qxc3 30. e5 b4 31. Qa5 d4 32. Qxa6 d3 33. Qc4 Ra8 34. Nd6 d2 35. Re2 Rxa2 36. e6 Ra1 37. exf7+ Kh7 38. Qe4+ g6 39. Rexd2 Qxd2 40. f8=N+ Kg8 41. Qe6+ Kxf8 42. Qe8+ Kg7 43. Qxd7+ Kg8 44. Qf7+ Kh8 45. Qf6+ 1-0

[Event "Western Canadian op"]
[Site "Richmond CAN"]
[Date "2004.07.11"]
[Round "3.22"]
[White "Mandic, Slaven"]
[Black "Pivovarov, Juraj"]
[Result "1-0"]
[WhiteElo "1979"]
[BlackElo "1676"]
[PlyCount "83"]
[GameId "2160767911095524"]
[EventDate "2004.07.09"]
[EventType "swiss"]
[EventRounds "10"]
[EventCountry "CAN"]

1. f4 c5 2. e3 d5 3. Nf3 Nc6 4. Bb5 a6 5. Bxc6+ bxc6 6. Ne5 Qc7 7. b3 h5 8. Bb2 Nf6 9. d3 Ng4 10. Qd2 f6 11. Ng6 Rg8 12. Nc3 Qa5 13. h3 Nxe3 14. Qxe3 d4 15. Qd2 dxc3 16. Bxc3 Qc7 17. O-O-O Bf5 18. Nxf8 Kxf8 19. Rhg1 a5 20. g4 Bg6 21. a4 Kf7 22. f5 Bh7 23. Rdf1 e6 24. fxe6+ Kxe6 25. gxh5 Rgf8 26. h6 g6 27. Qe3+ Kd7 28. Bxf6 Rfe8 29. Qg5 Qd6 30. Bg7 Kc7 31. Rf7+ Kb6 32. Bc3 Bg8 33. Rf6 Qd7 34. Qxg6 Re2 35. Rd6 Qb7 36. Qg7 Re7 37. Qf6 Rf7 38. Qh4 Raf8 39. Rg7 Bh7 40. Rxf7 Rxf7 41. Qd8+ Rc7 42. Rd7 1-0

[Event "Western Canadian op"]
[Site "Richmond CAN"]
[Date "2004.07.11"]
[Round "3.27"]
[White "Gairdner, Dennis"]
[Black "Palmer, Jordan"]
[Result "0-1"]
[WhiteElo "1599"]
[BlackElo "1915"]
[PlyCount "104"]
[GameId "2160767911095525"]
[EventDate "2004.07.09"]
[EventType "swiss"]
[EventRounds "10"]
[EventCountry "CAN"]

1. e4 c5 2. Nc3 g6 3. f4 Bg7 4. Nf3 d6 5. Bb5+ Nd7 6. d3 a6 7. Bxd7+ Bxd7 8. Bd2 e6 9. O-O Ne7 10. e5 d5 11. Kh1 h5 12. d4 cxd4 13. Nxd4 Nc6 14. Nce2 Rc8 15. c3 h4 16. Nb3 h3 17. g3 Ne7 18. Nbd4 Bc6 19. Qb3 Nf5 20. Nxc6 bxc6 21. Qa4 Qb6 22. Rab1 Bf8 23. b3 Bc5 24. c4 O-O 25. b4 Be3 26. c5 Qd8 27. Bxe3 Nxe3 28. Rf3 d4 29. Ng1 Qd5 30. Qb3 Qe4 31. Re1 Rfd8 32. Rexe3 dxe3 33. Qxe3 Qxe3 34. Rxe3 Rd1 35. g4 Rf1 36. Rxh3 Rxf4 37. a3 Rxg4 38. Nf3 Rd8 39. Rg3 Rxg3 40. hxg3 Rd3 41. Kg2 Kf8 42. g4 Ke7 43. Kf2 Rxa3 44. Nd4 Kd7 45. g5 Ra2+ 46. Ke3 Rb2 47. Kd3 Rxb4 48. Kc3 Rb1 49. Nc2 Rg1 50. Nb4 a5 51. Nd3 Rxg5 52. Kb3 Rg3 0-1

[Event "Western Canadian op"]
[Site "Richmond CAN"]
[Date "2004.07.11"]
[Round "3.31"]
[White "Sum, Peter"]
[Black "Cheng, Lesley"]
[Result "1-0"]
[WhiteElo "1791"]
[BlackElo "1426"]
[PlyCount "63"]
[GameId "2160767911095526"]
[EventDate "2004.07.09"]
[EventType "swiss"]
[EventRounds "10"]
[EventCountry "CAN"]

1. d4 d6 2. c4 g6 3. Nc3 Bg7 4. e4 Nc6 5. Be3 e5 6. d5 Nce7 7. Qd2 f5 8. f3 a5 9. Nge2 Nf6 10. Nc1 O-O 11. Be2 f4 12. Bf2 g5 13. Nb5 b6 14. Nd3 Nd7 15. O-O-O Ba6 16. Kb1 Nc8 17. h4 Bf6 18. g3 Na7 19. hxg5 Bxg5 20. gxf4 exf4 21. Nd4 Qf6 22. Ne6 h6 23. Rdg1 Kf7 24. Nxf8 Rxf8 25. Qc2 Nc8 26. Bf1 Ne7 27. Bh3 Nb8 28. Be6+ Kg7 29. Be1 Kh7 30. Bc3 Qg6 31. Qg2 Bf6 32. Bf5 1-0

[Event "Western Canadian op"]
[Site "Richmond CAN"]
[Date "2004.07.11"]
[Round "3.36"]
[White "Daswani, Benedict"]
[Black "Harper, Jamie"]
[Result "1-0"]
[WhiteElo "1854"]
[BlackElo "1598"]
[PlyCount "45"]
[GameId "2160767911095527"]
[EventDate "2004.07.09"]
[EventType "swiss"]
[EventRounds "10"]
[EventCountry "CAN"]

1. g3 g6 2. d3 Bg7 3. Bg2 d6 4. e4 e5 5. Be3 Ne7 6. Qd2 Nbc6 7. Nc3 O-O 8. Bh6 Nd4 9. Bxg7 Kxg7 10. h4 h6 11. Nd1 Be6 12. f4 Bg4 13. Ne3 f5 14. Nxg4 fxg4 15. h5 gxh5 16. Rxh5 Qe8 17. Rh2 Qg6 18. c3 Ndc6 19. Ne2 Qf6 20. Rh4 Qg6 21. f5 Qg5 22. O-O-O Kf6 23. Rxh6+ 1-0

[Event "Western Canadian op"]
[Site "Richmond CAN"]
[Date "2004.07.11"]
[Round "3.42"]
[White "Paulson, Stewart"]
[Black "Chow, Thomas"]
[Result "1-0"]
[WhiteElo "1567"]
[BlackElo "1278"]
[PlyCount "95"]
[GameId "2160767911095528"]
[EventDate "2004.07.09"]
[EventType "swiss"]
[EventRounds "10"]
[EventCountry "CAN"]

1. d4 d5 2. Nf3 Nc6 3. Bg5 Nf6 4. e3 Bg4 5. Nbd2 a6 6. Bd3 e5 7. dxe5 Nxe5 8. h3 Nxf3+ 9. Nxf3 Be6 10. Nd4 h6 11. Nxe6 fxe6 12. Bg6+ Kd7 13. Bf4 b5 14. O-O Kc8 15. Rc1 Nd7 16. c3 Qf6 17. Bd3 e5 18. Bg3 e4 19. Be2 Nb6 20. b3 Ba3 21. Rc2 Rd8 22. Bg4+ Kb7 23. f4 g6 24. Qd4 Qf7 25. b4 Nc4 26. Be2 Nb2 27. Rb1 Na4 28. Rb3 c5 29. bxc5 Bxc5 30. Qxa4 Bxe3+ 31. Kh1 Bxf4 32. Rxb5+ axb5 33. Qxb5+ Kc7 34. Qc5+ Kd7 35. Bg4+ Ke8 36. Qc6+ Kf8 37. Rf2 g5 38. Qxh6+ Qg7 39. Qe6 Re8 40. Qxd5 Rad8 41. Qc5+ Kg8 42. Bxf4 gxf4 43. Rxf4 e3 44. Be2 Re5 45. Bc4+ Kh7 46. Rh4+ Kg6 47. Rg4+ Kf6 48. Qb6+ 1-0

[Event "Western Canadian op"]
[Site "Richmond CAN"]
[Date "2004.07.11"]
[Round "3.43"]
[White "Harper, Laura"]
[Black "Gaulin, Richard"]
[Result "0-1"]
[WhiteElo "1386"]
[BlackElo "1556"]
[PlyCount "116"]
[GameId "2160767911095529"]
[EventDate "2004.07.09"]
[EventType "swiss"]
[EventRounds "10"]
[EventCountry "CAN"]

1. g3 d5 2. d3 e5 3. Bg2 Nf6 4. Nf3 Bd6 5. O-O O-O 6. Bg5 Be6 7. Nc3 c6 8. e4 Nbd7 9. Re1 Qc7 10. Bxf6 Nxf6 11. Ng5 Bd7 12. exd5 Bg4 13. Qd2 Rab8 14. Rab1 Bb4 15. dxc6 bxc6 16. a3 Ba5 17. Qe3 Bh5 18. Qc5 Rfc8 19. d4 Ng4 20. h3 Bb6 21. Qc4 Nxf2 22. Kxf2 exd4 23. Nce4 d3+ 24. Nc5 d2 25. Rh1 Qe5 26. Nge4 Qf5+ 27. Ke3 Re8 28. g4 Bxc5+ 29. Kxd2 Rbd8+ 30. Kc3 Qe5+ 31. Kb3 Rb8+ 32. Ka2 Bxa3 33. bxa3 Bg6 34. Rxb8 Rxb8 35. Rb1 Re8 36. Nd2 Kh8 37. Nb3 f6 38. Bxc6 Rc8 39. Rd1 h6 40. Rd7 Qh2 41. Kb2 Be8 42. Rd2 Qb8 43. Qb4 Bxc6 44. Qxb8 Rxb8 45. Kc3 Kg8 46. Kd4 Kf7 47. Na5 Bd5 48. c4 Bf3 49. Ke3 Bh1 50. c5 Re8+ 51. Kd4 Re4+ 52. Kd3 Ra4 53. Nc4 Bd5 54. Rc2 Bc6 55. Rb2 Kg6 56. Rb4 Kg5 57. Rxa4 Bxa4 58. Na5 Kh4 0-1

[Event "Western Canadian op"]
[Site "Richmond CAN"]
[Date "2004.07.12"]
[Round "4"]
[White "Aird, Ian"]
[Black "Gustafson, Dale"]
[Result "1-0"]
[WhiteElo "2051"]
[BlackElo "2022"]
[PlyCount "45"]
[GameId "2160767911095530"]
[EventDate "2004.07.09"]
[EventType "swiss"]
[EventRounds "10"]
[EventCountry "CAN"]
[SourceTitle "CBM 101 Extra"]
[Source "ChessBase"]
[SourceDate "2004.09.01"]
[SourceVersion "2"]
[SourceVersionDate "2004.09.01"]
[SourceQuality "1"]

1. e4 d5 2. exd5 Qxd5 3. Nf3 Nf6 4. d4 Bg4 5. Be2 e6 6. O-O c6 7. c4 Qd8 8. Nc3 Nbd7 9. Bf4 Be7 10. Qd2 O-O 11. h3 Bh5 12. Rfe1 Bb4 13. a3 Ne4 14. Qc2 Bxc3 15. bxc3 Nef6 16. c5 Bg6 17. Qb3 b6 18. Ba6 bxc5 19. Bd6 Re8 20. dxc5 Qa5 21. Qc4 Nd5 22. Bb7 Rad8 23. Nd4 1-0

[Event "Western Canadian op"]
[Site "Richmond CAN"]
[Date "2004.07.12"]
[Round "4"]
[White "Churchill, Sam"]
[Black "Jose, Marionito"]
[Result "0-1"]
[WhiteElo "1477"]
[BlackElo "1647"]
[PlyCount "80"]
[GameId "2160767911095531"]
[EventDate "2004.07.09"]
[EventType "swiss"]
[EventRounds "10"]
[EventCountry "CAN"]
[SourceTitle "CBM 101 ext"]
[Source "ChessBase"]
[SourceDate "2004.09.01"]
[SourceVersion "2"]
[SourceVersionDate "2004.09.23"]
[SourceQuality "1"]

1. e4 c5 2. b3 Nc6 3. Bb2 d6 4. Bb5 Bd7 5. f4 e6 6. Nf3 Nf6 7. d3 Be7 8. O-O Qb6 9. Bxc6 Bxc6 10. Nbd2 d5 11. exd5 Bxd5 12. Kh1 h5 13. Qe1 Kf8 14. Qg3 Rh6 15. Ne5 Rd8 16. Ndf3 Bxf3 17. Rxf3 Qd6 18. Re1 Rh7 19. h3 h4 20. Qf2 Nh5 21. f5 exf5 22. Kg1 g6 23. Nc4 Qd7 24. Rfe3 Re8 25. Ne5 Qd6 26. Nf3 Qg3 27. Nxh4 Qxf2+ 28. Kxf2 Bxh4+ 29. g3 Rxe3 30. Rxe3 Bxg3+ 31. Rxg3 Nxg3 32. Kxg3 Ke7 33. Bc1 Ke6 34. Be3 b6 35. d4 cxd4 36. Bxd4 Kd5 37. c3 Ke6 38. a4 f6 39. a5 bxa5 40. Bxa7 Rxa7 0-1

[Event "Western Canadian op"]
[Site "Richmond CAN"]
[Date "2004.07.12"]
[Round "4"]
[White "Kyriakides, Savvas"]
[Black "Koons, Nathaniel"]
[Result "0-1"]
[WhiteElo "2240"]
[BlackElo "2267"]
[PlyCount "38"]
[GameId "2160767911095533"]
[EventDate "2004.07.09"]
[EventType "swiss"]
[EventRounds "10"]
[EventCountry "CAN"]
[SourceTitle "CBM 101 Extra"]
[Source "ChessBase"]
[SourceDate "2004.09.01"]
[SourceVersion "2"]
[SourceVersionDate "2004.09.01"]
[SourceQuality "1"]

1. e4 e5 2. Nf3 Nc6 3. Bb5 f5 4. d3 Nf6 5. Qe2 Bc5 6. Bxc6 bxc6 7. Nxe5 Qe7 8. exf5 O-O 9. d4 Bb6 10. Be3 d6 11. Nc4 Ba6 12. a4 d5 13. a5 Bxc4 14. Qd1 Ne4 15. axb6 Nxf2 16. Kxf2 Rxf5+ 17. Qf3 Qh4+ 18. g3 Rxf3+ 19. Kxf3 Qe4+ 0-1

[Event "Western Canadian op"]
[Site "Richmond CAN"]
[Date "2004.07.12"]
[Round "4"]
[White "Pechisker, Alfred"]
[Black "Welling, Gerard"]
[Result "0-1"]
[WhiteElo "2042"]
[BlackElo "2361"]
[PlyCount "40"]
[GameId "2160767911095534"]
[EventDate "2004.07.09"]
[EventType "swiss"]
[EventRounds "10"]
[EventCountry "CAN"]
[SourceTitle "CBM 101 Extra"]
[Source "ChessBase"]
[SourceDate "2004.09.01"]
[SourceVersion "2"]
[SourceVersionDate "2004.09.01"]
[SourceQuality "1"]

1. d4 c6 2. c4 b5 3. Nf3 bxc4 4. d5 Nf6 5. e4 Nxe4 6. Bxc4 Qa5+ 7. Ke2 Ba6 8. Bxa6 Qxa6+ 9. Ke3 Nf6 10. dxc6 Nxc6 11. Qe2 Qa5 12. Nc3 e5 13. Qc4 Bb4 14. Rd1 Bxc3 15. bxc3 e4 16. Ne1 O-O 17. h3 Rac8 18. Qb3 Nd4 19. Qb2 Rxc3+ 20. Nd3 exd3 0-1